000 01104cam a22003497a 4500
003 CHAP
005 20220817041730.0
008 971013s1969 r 00010 d
010 _a22852
011 _a23824
035 _a27921
040 _cCHAP
090 _aFolleto 1996
110 _aFAO. Comisión del Codex Alimentarius
_939482
245 0 _aNorma internacional recomendada para el azúcar en polvo (azúcar glace)
260 _aRoma :
_bFAO,
_c1969
300 _a13 p.
410 2 _aFAO
490 0 _aPrograma conjunto FAO/OMS sobre normas alimentarias
590 _aBATCH-UPD
_b10
_c20130110
_lUCH01
_h1355
590 _aBATCH-UPD
_b10
_c20130410
_lUCH01
_h0850
590 _aBATCH-UPD
_b10
_c20130914
_lUCH01
_h0509
590 _aCONVERSION
_b10
_c20130109
_lUCH01
_h1313
650 1 4 _aAzúcar
_xNormas de calidad.
_99169
710 0 _aFAO.
710 0 _aOrganización Mundial de la Salud.
_983555
810 0 _aFAO
830 0 _aPrograma conjunto FAO/OMS sobre normas alimentarias
_992254
901 _aBK
942 _cFOLL
949 _aFolleto 1996
_bBC
_cFAO
_d-64500
_eFAO1
_i27921
_si
999 _c22852
_d22852